000
00287nam a2200121Ia 4500
008
191201s2007 xx 000 0 und d
100
_a
BUSINESS WEEK
245
0
_a
Marketing Power Plays
260
_a
N.Delhi
_b
Tata Mc Graw Hill
_c
2007
300
_a
178
650
_a
MBA
942
_2
ddc
_c
BK
999
_c
3285
_d
3285